| 000 | 00722nam a2200229Ia 4500 | ||
|---|---|---|---|
| 999 |
_c15786 _d15786 |
||
| 003 | OSt | ||
| 005 | 20210928163220.0 | ||
| 008 | 160316s1995 xxu||||| |||| 00| 0 eng d | ||
| 020 | _a1854314645 | ||
| 040 | _c. | ||
| 082 |
_a340.264 COR _bCOR |
||
| 100 | _aCorns David | ||
| 245 | _aGCSE law casebook | ||
| 250 | _a3rd | ||
| 260 |
_alondon _bBlackstone Press Pvt. Ltd. _c1995 |
||
| 300 | _a214p | ||
| 365 | _bRs.684.95 | ||
| 505 | _aContents: Case references CONTENTS; law report abbreviations table of cases (alphabetical) table of cases (by type of law) The Cases; using cases in an examination | ||
| 650 | _a1. Casebook - U K2. Cases - Collection - U K | ||
| 700 |
_aBoucher Eric _a |
||
| 942 |
_2ddc _cBK |
||